[Event "Opera Euro Rapid Prelims 2021"]
[Site "Online"]
[Date "2021.02.03"]
[Round "14.8"]
[White "Duda, Jan-Krzysztof"]
[Black "Grischuk, Alexander"]
[Result "1-0"]
[WhiteElo "2743"]
[BlackElo "2777"]
[Annotator "TA"]
[PlyCount "55"]
[EventDate "2021.02.02"]
[EventType "tourn"]
[EventCountry "NET"]
[SourceTitle "playchess.com"]
[Source "ChessBase"]
[SourceQuality "1"]

{[%evp 10,55,44,30,32,20,36,10,8,15,21,0,-5,0,0,-8,7,10,21,7,52,41,43,0,50,44,54,52,80,0,77,87,114,110,145,135,200,208,412,416,417,427,426,410,378,394,897,920]} 1. Nf3 Nf6 2. c4 g6 3. g3 Bg7 4. Bg2 O-O 5. d4 d6 6. O-O Ne4 {E60: King's Indian: Unusual lines and Fianchetto Variation without Nc3.} 7. b3 a5 8. Qc2 f5 {The position is equal.} 9. Bb2 Nc6 {[#]} 10. Nbd2 $146 ({Predecessor:} 10. a3 e5 11. dxe5 dxe5 12. Rd1 Qe7 13. Nbd2 Nc5 14. Ne1 Nd4 15. Bxd4 exd4 16. Nd3 {0-1 (35) Jovanic,O (2447)-Pogosian,V (2168) Pardubice 2005}) 10... Nxd2 11. Qxd2 e5 $1 12. d5 Nb4 13. a3 $36 {[%cal Ba2a3,Ba3a4,Ba4a5][%mdl 2080] White has the initiative.} Na6 14. Qxa5 Bd7 15. Qc3 Nc5 16. Nd2 Qe7 17. a4 Rf7 18. Qc2 f4 19. Ne4 ({Better is} 19. a5 $16) 19... Bf5 (19... Nxe4 $1 $11 {keeps the balance.} 20. Bxe4 Qg5) 20. b4 $16 Nd7 21. a5 Kh8 22. Qb3 g5 (22... Rb8 $16 23. c5 Bxe4 24. cxd6 (24. Bxe4 dxc5 25. b5 Rff8 $16) 24... cxd6 25. Bxe4 fxg3 26. hxg3 (26. fxg3 Nf6 $16) 26... Nf6) 23. c5 $18 dxc5 $2 {[#]} (23... Bxe4 {keeps fighting.} 24. Bxe4 Rb8 25. cxd6 Qxd6) 24. d6 $1 {[%mdl 576] Deflection} cxd6 {[#]} 25. Nxd6 $1 {[%mdl 576] Discovered Attack} Qxd6 26. Qxf7 Be6 27. Rad1 Qa6 $2 (27... Qxd1 28. Rxd1 Bxf7) 28. b5 {Accuracy: White = 82%, Black = 50%.} 1-0

[Event "Opera Euro Rapid Prelims 2021"]
[Site "Online"]
[Date "2021.02.03"]
[Round "15.1"]
[White "Grischuk, Alexander"]
[Black "Dubov, Daniil"]
[Result "1/2-1/2"]
[WhiteElo "2777"]
[BlackElo "2710"]
[Annotator "TA"]
[PlyCount "174"]
[EventDate "2021.02.02"]
[EventType "tourn"]
[EventCountry "NET"]
[SourceTitle "playchess.com"]
[Source "ChessBase"]
[SourceQuality "1"]

{[%evp 18,174,33,35,118,55,57,55,71,64,54,54,63,43,68,23,27,19,25,54,30,0,2,-30,-57,-68,0,0,0,0,4,-40,-40,-39,-37,-36,-37,-37,-41,-39,-39,-45,-53,-66,-61,-72,-69,-68,-54,-56,-54,-64,0,0,0,0,0,0,0,0,0,0,0,0,0,0,0,0,0,0,0,0,0,0,0,-8,0,-8,0,0,0,-8,0,0,0,-7,-7,-8,-8,-8,-8,-8,-8,-8,-8,-8,-8,-8,-8,-8,-8,-8,-8,-8,-8,-8,-8,-8,-8,-8,-8,-8,-8,-8,-8,-8,-8,-8,-8,-8,-8,-8,-8,-8,-8,-8,-8,-8,-8,-8,-8,-8,-8,-8,-8,-8,-8,-8,-7,-7,-7,-8,-8,-8,-8,-8,-8,-8,0,-8,-8,-8,-8,-8,-8,-8,0,-8,0]} 1. d4 Nf6 2. c4 c5 3. d5 e6 4. Nc3 exd5 5. cxd5 d6 6. e4 g6 7. f4 Bg7 8. Bb5+ Nfd7 9. a4 O-O 10. Nf3 {[#]} c4 $146 {[#] A67: Modern Benoni: Taimanov Variation.} (10... f5 $14) ({Predecessor:} 10... Na6 11. O-O Nb4 12. Kh1 a6 13. Be2 Nf6 14. Bc4 Bg4 15. Bd2 Re8 16. h3 Bxf3 17. Qxf3 Nc2 18. Rad1 Nd4 19. Qd3 b5 20. axb5 axb5 21. Bxb5 Nxb5 22. Qxb5 Nxe4 23. Nxe4 Rxe4 {0-1 (56) Moiseenko,A (2635)-Cheparinov,I (2670) chess24.com INT 2020}) 11. O-O ({White should try} 11. Be3 $1 $16) 11... Nc5 $1 $14 12. Bxc4 Bg4 {White is slightly better.} 13. h3 Bxf3 14. Qxf3 Nbd7 15. Be3 Rc8 16. Rac1 {White wants to play Nb5.} Nb6 17. Be2 {With the idea a5.} Ncxa4 18. Nxa4 Rxc1 19. Bxc1 {Black must now prevent Nc3.} Nxa4 20. e5 dxe5 21. f5 e4 ({Better is} 21... Nb6 $15) 22. Qxe4 $11 Nb6 23. d6 Nc8 24. d7 ({Don't play} 24. Qxb7 Nxd6 25. Qf3 Nxf5 $17) (24. f6 {is more complex.} Bxf6 25. d7 Nb6 26. Bh6 Nxd7 27. Bxf8 Qb6+ 28. Kh1) 24... Qxd7 25. f6 {[#]} Re8 $1 26. Qg4 Qxg4 27. Bxg4 Bf8 28. Bf3 Bc5+ 29. Kh2 Nd6 30. g4 Bd4 31. Bf4 Ne4 32. g5 h6 33. h4 hxg5 34. hxg5 Bxb2 ({Black should play} 34... Nc5 $15 35. b4 Ne6) 35. Re1 $1 {[%cal Re1e4] The position is equal.} Nxf6 36. Rb1 Nh5 37. Bxh5 Be5 38. Bxe5 Rxe5 {[%mdl 4096] Endgame KRB-KR} 39. Bf3 b6 40. Rg1 a5 41. Kh3 a4 42. Kg4 a3 43. Ra1 Ra5 44. Bd1 b5 45. Bb3 b4 46. Rf1 Ra7 47. Rf4 Rb7 48. Rd4 Kf8 49. Re4 Rb8 50. Rf4 Rb7 51. Re4 Ra7 52. Rxb4 a2 53. Bxa2 Rxa2 {KR-KR} 54. Rb8+ Kg7 55. Rc8 (55. Kf4 {looks sharper.} Rf2+ 56. Kg3 Rf1 57. Kg4 Rf5 58. Rc8) 55... Ra4+ 56. Kg3 Rd4 (56... f5 $5 {[%cal Ra4g4]} 57. gxf6+ Kf7 $11) 57. Rb8 (57. Ra8 {seems wilder.} Rd3+ 58. Kg4 Rd2 59. Ra7 Rd4+ 60. Kf3) 57... Rd1 58. Kg4 Rh1 59. Ra8 Rh5 (59... Rh2 {with more complications.} 60. Ra7 Rd2 61. Kf3 Rd3+ 62. Kg4 Rc3) 60. Rb8 (60. Ra6 {is more complex.} Rh2 61. Ra8 Rg2+ 62. Kf4 Rf2+ 63. Kg4) 60... Rh8 61. Rb7 Rd8 62. Ra7 $1 Kf8 63. Rb7 Rd4+ 64. Kg3 Ke8 65. Ra7 Rd7 66. Ra1 Rd3+ 67. Kg4 Rd4+ 68. Kg3 $1 Rd5 69. Kg4 Ke7 70. Ra7+ Ke6 71. Ra6+ Rd6 72. Ra4 Ke5 {...Rd4+ is the strong threat.} 73. Ra7 Rd4+ 74. Kg3 Ke6 75. Ra6+ Rd6 76. Ra7 Rd7 77. Ra6+ Kf5 78. Ra5+ Ke4 79. Ra4+ Ke5 80. Ra5+ Rd5 81. Ra7 Ke6 82. Ra6+ Rd6 83. Ra7 Rb6 84. Kg4 Rc6 85. Kf4 Rc4+ 86. Kg3 Rd4 87. Ra6+ Rd6 {Weighted Error Value: White=0.06/Black=0.07} 1/2-1/2

[Event "Opera Euro Rapid Prelims 2021"]
[Site "Online"]
[Date "2021.02.03"]
[Round "15.2"]
[White "Giri, Anish"]
[Black "Duda, Jan-Krzysztof"]
[Result "1/2-1/2"]
[WhiteElo "2764"]
[BlackElo "2743"]
[Annotator "TA"]
[PlyCount "143"]
[EventDate "2021.02.02"]
[EventType "tourn"]
[EventCountry "NET"]
[SourceTitle "playchess.com"]
[Source "ChessBase"]
[SourceQuality "1"]

{[%evp 23,143,18,18,10,27,19,73,31,39,44,37,40,45,42,40,37,35,29,37,30,67,70,68,72,70,71,71,79,100,90,118,103,104,70,63,60,68,60,69,78,95,63,108,108,103,94,97,74,58,27,74,66,72,80,97,16,16,10,10,10,14,8,8,8,11,0,0,0,0,0,1,4,56,56,56,23,38,23,23,17,29,28,33,23,32,33,32,33,31,31,68,68,72,68,70,70,70,70,72,14,14,8,8,4,8,4,4,4,4,4,4,4,4,4,4,4,4,4,4,0,0,0]} 1. d4 Nf6 2. c4 e6 3. Nc3 Bb4 4. e3 c5 5. Nge2 cxd4 6. exd4 d5 7. a3 Bxc3+ 8. Nxc3 dxc4 9. Bxc4 O-O 10. O-O Nc6 11. Be3 b6 {11...h6 is vanishing.} 12. Ba2 Bb7 13. Re1 {E42: Nimzo-Indian: Rubinstein: 4...c5 5 Ne2.} Ne7 14. Bg5 Ng6 (14... Kh8 $11) 15. d5 {[#] White is better.} exd5 $146 ({Predecessor:} 15... h6 16. Bxf6 Qxf6 17. Ne4 Qxb2 18. dxe6 fxe6 19. Bxe6+ Kh8 20. Rb1 Qxa3 21. Nd6 Bxg2 22. Kxg2 {½-½ (39) Ragger,M (2646)-Luther,T (2556) Austria 2014}) 16. Qd4 h6 17. Bxf6 Qxf6 18. Qxf6 gxf6 19. Rad1 Rfe8 20. Bxd5 Bxd5 21. Nxd5 Kg7 22. Rxe8 Rxe8 $14 {[%mdl 4096] Endgame KRN-KRN} 23. Ne3 Re5 24. g3 f5 25. Rd4 Nf8 26. Rd3 Rb5 27. b4 {[#] And now Nd5 would win.} a5 28. Nd5 axb4 29. axb4 Nh7 30. Rd4 {aiming for f4.} Nf6 $1 31. Ne3 Re5 32. Kf1 Kg6 33. Ke2 Re6 34. f3 b5 35. Rd2 Ra6 36. Rc2 Nd7 37. f4 Nf8 38. Rd2 Ne6 39. Nd5 (39. Rd5 $16) 39... Ra3 $11 40. Ne7+ Kf6 41. Nc6 h5 42. Ne5 Ke7 43. Rd7+ Ke8 44. Rxf7 Nd4+ 45. Kf2 Ra2+ 46. Ke3 Nc2+ 47. Kd3 Ne1+ ({Black should try} 47... Nxb4+ $11 48. Kc3 Nd5+ 49. Kd4 Rd2+ 50. Kc5 Nc3) 48. Kc3 $14 Rc2+ $1 49. Kb3 Rxh2 50. Rxf5 Rh3 51. Kb2 {Strongly threatening Rg5.} Rxg3 52. Rxh5 Re3 53. Rh6 {[#] Black must now prevent Re6+.} Kd8 54. Rd6+ Kc7 55. Rc6+ Kb7 56. Rc5 Re4 57. Rxb5+ Ka6 58. Ra5+ Kb6 59. Kc3 {f5 is the strong threat.} Rxf4 60. Nc4+ Kb7 61. b5 (61. Rd5 $16) 61... Rf3+ $1 $11 {The position is equal.} 62. Kd4 Nc2+ 63. Ke4 Rh3 64. Nd6+ Kc7 65. Ra6 Rh4+ 66. Kf3 Rb4 67. Rc6+ (67. Ke2 {with more complications.} Rb3 68. Kd2 Nd4 69. Ne8+ Kb7 70. Rf6) 67... Kd7 {Hoping for ...Nd4+.} 68. Rxc2 {Threatens to win with Rd2.} Kxd6 69. Rd2+ Kc5 70. Ke3 Kxb5 71. Rd4 Rxd4 72. Kxd4 {Weighted Error Value: White=0.09/Black=0.10} 1/2-1/2

[Event "Opera Euro Rapid Prelims 2021"]
[Site "Online"]
[Date "2021.02.03"]
[Round "15.3"]
[White "Nepomniachtchi, Ian"]
[Black "Dominguez Perez, Leinier"]
[Result "0-1"]
[WhiteElo "2789"]
[BlackElo "2758"]
[Annotator "TA"]
[PlyCount "126"]
[EventDate "2021.02.02"]
[EventType "tourn"]
[EventCountry "NET"]
[SourceTitle "playchess.com"]
[Source "ChessBase"]
[SourceQuality "1"]

{[%evp 13,126,-10,-7,-7,-6,0,0,0,4,3,8,10,38,-76,-19,-49,-44,-42,8,28,28,-1,42,20,53,69,52,40,60,17,35,0,40,-81,29,16,41,0,0,-18,20,-85,-77,-72,0,-99,-93,-106,0,0,10,0,99,87,101,12,35,4,12,0,12,9,14,0,0,-20,-12,-301,-305,-441,-423,-445,-438,-472,-294,-460,-326,-286,-239,-246,-143,-135,-37,-337,-316,-422,-269,-267,-265,-272,-258,-996,-979,-1056,-1002,-5520,-1549,-3661,-1569,-606,0,-2661,-1142,-5110,-2664,-1543,0,-1892,-1970,-1796,-1660,-1122,-1080,-29998,-29999]} 1. d4 Nf6 2. c4 e6 3. Nc3 Bb4 4. e3 O-O 5. Bd3 d5 6. cxd5 exd5 7. Nge2 Re8 8. Bd2 {E48: Nimzo-Indian: Rubinstein: 5 Bd3 d5 including 6 Ne2, but excluding 6 a3.} Bd6 9. Rc1 c6 10. O-O {[#] The position is equal.} Na6 $1 $146 {[%mdl 8] A top novelty.} ({Predecessor:} 10... Nbd7 11. f3 c5 12. dxc5 Bxc5 13. Nd4 Ne5 14. Be1 Bd7 15. Bh4 Nxd3 16. Qxd3 Qb6 17. Bxf6 Qxf6 18. Nxd5 {1-0 (60) Yu,Y (2709)-Abdusattorov,N (2627) chess.com INT 2020}) 11. f3 c5 12. Kh1 Nc7 13. g4 (13. Nb5 $14 {keeps the upper hand.}) 13... b6 ({Black should play} 13... c4 $17 14. Bc2 b5) 14. Ng3 g6 15. Nce2 Bb7 16. g5 Nd7 17. h4 Nf8 18. Kg2 Ba6 19. Bxa6 Nxa6 20. dxc5 bxc5 21. e4 d4 22. Qa4 Nc7 23. b4 (23. f4 $14 {stays ahead.}) 23... Nce6 (23... d3 $17 24. Nf4 Nfe6 25. Nxe6 Nxe6) 24. bxc5 $11 Bxc5 25. Rfd1 (25. f4 $5 {[%cal Rf4f5]}) 25... Rb8 26. Bc3 Qb6 (26... Qe7 {looks sharper.} 27. Nxd4 Bxd4 28. Rxd4 h6 29. Rdd1 hxg5 30. h5 g4) 27. Ba1 (27. Nxd4 $11 {keeps the balance.} Nxd4 28. Bxd4 Bxd4 29. Qxd4) 27... Red8 $17 {...d3 is the strong threat.} 28. Rd3 Qb7 (28... Qd6 $17 29. f4 Qxf4 $1 30. Nxf4 Nxf4+ 31. Kh1 Nxd3) 29. Rcd1 (29. f4 $11 {remains equal.}) 29... Bb6 30. Qb4 {[#]} (30. Bxd4 $2 Bxd4 31. Rxd4 Nxd4 $19) 30... Qa6 (30... Qc7 $1 $17 31. Qa3 Nf4+ 32. Nxf4 Qxf4) 31. Qa3 $11 Qc4 32. f4 Qc6 (32... Bc5 $11 33. Qc1 Qxa2) 33. Qc1 $16 Qb7 34. Kh2 ({But not} 34. Nxd4 $6 Rbc8 $11) (34. Rf3 $16) 34... Rbc8 35. Qb2 {[%cal Re2d4]} Qc7 36. Rc1 Qb8 37. Rf1 Bc7 {[%cal Rc7f4]} 38. Qd2 (38. Qxb8 {is more complex.} Bxb8 39. Kh3 Rc4 40. f5 Nc5 41. Rxd4 Rdxd4 42. Bxd4 Bxg3 43. Bxc5 Be5 44. Bxa7 Rxe4 45. Ng3) 38... Qb5 39. Rb3 Qa6 40. f5 $2 {[%mdl 8192]} (40. Qb2 $11 {and White stays safe.}) 40... Nc5 $19 41. fxg6 (41. Rbf3 $142 Nxe4 42. Qd3 Bxg3+ 43. Nxg3 Qxa2+ 44. Kh3 Nxg3 45. R3f2 Qxf2 {[%mdl 64] Remove Defender} 46. Rxf2 Nxf5 47. Qa3) 41... hxg6 42. Rbf3 Nxe4 43. Qb2 Be5 44. Kg2 (44. Kg1 {only move.} Rb8 45. Qa3 Qxa3 46. Rxa3) 44... Nxg3 45. Nxg3 Qc6 46. Kg1 Rb8 (46... Ne6 $19 47. Qg2 {[#]} Nf4 $1 {[%mdl 512]}) 47. Qf2 $17 Qd5 (47... Qe6 $17 {White must now prevent ...Rb7.} 48. Rd3 Rb4) 48. h5 $2 {[%mdl 8192]} (48. Rxf7 $15 Ne6 49. Qf3) 48... Ne6 $19 49. Qd2 d3 {And now ...Bxa1 would win.} 50. Bxe5 Qxe5 51. hxg6 fxg6 52. Re3 $2 (52. Qe3 Qxe3+ 53. Rxe3 Nxg5 54. Ne4 Nxe4 55. Rxe4) 52... Qxg5 53. Rfe1 Nf4 54. Kh2 Qh4+ 55. Kg1 Nh3+ (55... Rbc8 $142 56. Nf5 gxf5) 56. Kg2 Nf4+ (56... Ng5 $142 57. Rf1 Qd4 58. Rxd3 Qxd3 59. Qxg5 Rb2+ 60. Kh3 Rd7 61. Rf8+ {[%mdl 64] Decoy} Kxf8 62. Qf6+ Kg8 63. Qxb2 Qe3) 57. Kg1 Rf8 (57... Rbc8 $142 58. Qb2 Rc2 59. Qb3+ Nd5 60. Qxc2 dxc2) 58. Rf1 Nh3+ 59. Kg2 Nf4+ 60. Kg1 Ne2+ 61. Nxe2 Rxf1+ 62. Kxf1 Rf8+ 63. Kg2 Rf2+ {[%mdl 64] Double Attack, Pin.  Weighted Error Value: White=0.87/Black=0.67} 0-1

[Event "Opera Euro Rapid Prelims 2021"]
[Site "Online"]
[Date "2021.02.03"]
[Round "15.4"]
[White "Nakamura, Hikaru"]
[Black "Shankland, Sam"]
[Result "0-1"]
[WhiteElo "2736"]
[BlackElo "2691"]
[Annotator "TA"]
[PlyCount "115"]
[EventDate "2021.02.02"]
[EventType "tourn"]
[EventCountry "NET"]
[SourceTitle "playchess.com"]
[Source "ChessBase"]
[SourceQuality "1"]

{[%evp 20,115,44,13,28,14,25,9,19,19,17,0,14,17,22,33,102,0,22,0,0,0,29,27,62,38,76,55,46,43,98,91,113,113,108,102,126,118,155,116,137,82,80,0,423,385,383,363,381,235,216,93,100,0,0,-17,-19,-44,-31,-25,-10,-562,-542,-689,-683,-643,-624,-889,-566,-563,-550,-831,-829,-793,-786,-1216,-1216,-5150,-967,-1027,-995,-1375,-1085,-1372,-1277,-1191,-1113,-937,-842,-1335,-1262,-2047,-937,-6043,-5214,-29975,-29976,-6408]} 1. e4 c5 2. Nf3 d6 3. d4 cxd4 4. Nxd4 Nf6 5. Nc3 Nc6 6. Bg5 e6 7. Qd2 a6 8. O-O-O Bd7 9. f3 Nxd4 10. Qxd4 Be7 11. h4 Qc7 {B67: Sicilian: Richter-Rauzer: 7...a6 8 0-0-0 Bd7, lines without 9 f4 Be7.} 12. Qd2 b5 13. Kb1 b4 {The position is equal.} 14. Ne2 a5 15. c4 {[#]} bxc3 $146 ({Don't play} 15... Qxc4 $6 16. e5 $16) ({Predecessor:} 15... h6 16. Bxf6 Bxf6 17. Qxd6 Qa7 18. e5 Be7 19. Qd4 Qc7 20. Qf4 O-O 21. Nd4 a4 {½-½ (34) Nakamura,H (2736)-Dubov,D (2699) chess24.com INT 2020}) 16. Nxc3 {White wants to play Nb5.} Rb8 17. a4 h6 {[#]} (17... O-O $14) 18. Be3 (18. Nb5 $1 $16 {[%cal Rb5c7]} Qd8 19. Bf4) 18... O-O 19. Nb5 Qb7 20. Bd3 Rfc8 21. Rc1 $36 {[%mdl 2048] White fights for an advantage.} ({Much worse is} 21. Qxa5 Ra8 $17) 21... d5 {[%cal Rd5e4]} 22. e5 Bb4 23. Qf2 Ne8 24. Ba7 Rxc1+ ({Black should play} 24... Ra8 $14) 25. Rxc1 $16 Rc8 {[#]} 26. Rxc8 $1 Qxc8 27. h5 Kf8 28. g4 Qc6 29. Bb6 Bc8 30. Na7 (30. f4 $142) 30... Qxa4 31. Qe2 ({White should try} 31. Bc2 $16 Qd7 32. Nxc8 Qxc8 33. f4) 31... Qd7 {[%mdl 8192]} (31... Bb7 $11 {and Black stays safe.}) 32. Qc2 $18 {Threatens to win with Bb5.} Bb7 33. Bb5 Qe7 34. Qh7 {[%cal Rh7h8]} f6 35. Qh8+ (35. Bd3 $18 {is more deadly. Threatening mate with Qh8+.} fxe5 36. Qh8+ Kf7 37. Bg6+ Kf6 38. Bxe8) 35... Kf7 $16 36. Bd3 (36. f4 $16) 36... Qf8 $11 37. Qh7 {Hoping for Bd8.} fxe5 38. Bd8 {[%csl Gh5,Gh7][%cal Rd3g6]} e4 $1 {[%cal Re4d3]} 39. fxe4 Qd6 40. Bh4 {[%mdl 8192] [#]} (40. g5 $1 $11 {and White has nothing to worry.} Qxd8 41. Qg6+ Ke7 42. gxh6 gxh6 43. Qh7+ Kf6 44. Qh8+ Kg5 45. Qe5+ Kg4 46. Be2+ Kh3 47. Bf1+ Kg4 48. Be2+ Kh3 49. Bf1+ Kg4 50. Be2+) 40... dxe4 $1 $19 41. Bc2 Qa6 {Strongly threatening ...Bd5.} 42. g5 {g6+ would kill now.} hxg5 {aiming for ...Bd5.} 43. Bxg5 Qxa7 44. Qg6+ Kf8 45. h6 {And now Bc1 would win.} Qg1+ 46. Ka2 Bd5+ 47. b3 Qf2 48. Kb1 Bc3 {( -> ...Qg1+)} 49. Bc1 gxh6 50. Qxh6+ Kg8 51. Qg5+ Ng7 52. Qd8+ Qf8 53. Qc7 Bf6 54. Qxa5 Nf5 55. Ba3 Qc8 56. Bc5 Nd4 57. Bd1 Nxb3 58. Bxb3 {Black used his chance.  Weighted Error Value: White=0.89/Black=0.41} 0-1

[Event "Opera Euro Rapid Prelims 2021"]
[Site "Online"]
[Date "2021.02.03"]
[Round "15.5"]
[White "Vidit, Santosh Gujrathi"]
[Black "Bluebaum, Matthias"]
[Result "1/2-1/2"]
[WhiteElo "2726"]
[BlackElo "2670"]
[Annotator "TA"]
[PlyCount "99"]
[EventDate "2021.02.02"]
[EventType "tourn"]
[EventCountry "NET"]
[SourceTitle "playchess.com"]
[Source "ChessBase"]
[SourceQuality "1"]

{[%evp 9,99,29,46,39,47,35,58,54,60,20,33,29,30,25,30,0,0,34,68,79,83,89,106,50,64,28,98,87,97,34,156,118,120,125,171,183,185,175,143,127,174,122,164,144,135,130,104,43,74,35,104,106,89,72,94,85,105,24,82,97,73,72,114,21,33,21,18,21,19,33,41,0,0,0,0,0,0,0,2,0,0,0,0,0,0,0,0,0,0,0,0,0]} 1. d4 d5 2. c4 e6 3. Nc3 Nf6 4. Nf3 dxc4 5. e4 b5 6. e5 {D24: Queen's Gambit Accepted: 3 Nf3 Nf6 4 Nc3.} Nd5 7. Nxb5 Nb6 8. Be2 {White is slightly better.} Nc6 9. a3 Be7 10. Be3 O-O 11. Qc2 Rb8 12. h4 {[#]} f5 $146 ({Predecessor:} 12... h6 13. Rd1 Ba6 14. Nc3 Nd5 15. Bc1 Nxc3 16. bxc3 Qd5 17. Rh3 f5 18. exf6 Rxf6 {½-½ (46) Sarana,A (2655)-Korobov,A (2679) Douglas 2019}) 13. exf6 gxf6 14. Nc3 Rf7 15. Rd1 Na5 16. Ne4 (16. h5 $16) 16... Bb7 $14 17. Rg1 Nd5 (17... Bc6 $11) 18. Bd2 $16 Nb3 19. Bh6 ({But not} 19. Qxc4 Nxd2 20. Nexd2 Nf4 $11) ({White should play} 19. Bxc4 $16 Nxd2 20. Rxd2) 19... Ba6 (19... c5 $14) 20. Bxc4 Bxc4 21. Qxc4 Bf8 22. Bxf8 Qxf8 23. Rd3 Na5 24. Qc2 Rb6 25. g3 (25. g4 $18) 25... Qe8 26. Nc5 Qb5 27. b3 Nb7 28. Nd2 ({Better is} 28. Kf1 $16) 28... Rc6 29. Qc4 Qb6 (29... Qxc4 $14 30. Nxc4 (30. bxc4 Nxc5 31. dxc5 Rxc5 $11) 30... Nxc5 31. dxc5 Rxc5) 30. b4 a5 {[%cal Ra5b4] [#]} 31. Rb3 {aiming for bxa5.} axb4 32. axb4 Nd6 33. Qd3 ({White should try} 33. Qe2 $16) 33... Re7 (33... Qb5 $11 {keeps the balance.}) 34. b5 Rxc5 35. dxc5 Qxc5 {[#] White must now prevent ...Qc1+.} 36. Ke2 (36. Rb1 $1 $16) 36... e5 $11 37. Ne4 Nxe4 38. Qxe4 {Hoping for Kf1.} Nc3+ {[#]} 39. Rxc3 $1 Qxc3 {[%mdl 4096] Endgame KQR-KQR} 40. Rd1 Qb2+ {The position is equal.} 41. Kf3 {Strongly threatening Qg4+.} Qxb5 42. Rd8+ Re8 43. Qg4+ Kh8 44. Rd7 {[%csl Gd7][%cal Rg4g7]} Qc6+ 45. Ke2 {[%csl Gd7][%cal Rg4g7]} Rg8 46. Qf5 {[%csl Gf5][%cal Rd7h7]} Rg7 47. Rd8+ Rg8 48. Rd7 {[%csl Gf5][%cal Rd7h7]} Rg7 49. Rd8+ Rg8 50. Rd7 {[%csl Gf5][%cal Rd7h7] Black escapes into a draw.  Weighted Error Value: White=0.21/Black=0.20} 1/2-1/2

[Event "Opera Euro Rapid Prelims 2021"]
[Site "Online"]
[Date "2021.02.03"]
[Round "15.6"]
[White "Radjabov, Teimour"]
[Black "Aronian, Levon"]
[Result "1/2-1/2"]
[WhiteElo "2765"]
[BlackElo "2781"]
[Annotator "TA"]
[PlyCount "73"]
[EventDate "2021.02.02"]
[EventType "tourn"]
[EventCountry "NET"]
[SourceTitle "playchess.com"]
[Source "ChessBase"]
[SourceQuality "1"]

{[%evp 13,73,-12,-11,-12,-4,-14,-14,-10,-9,-18,-7,-41,-25,-20,-20,-18,-8,0,-7,-8,-8,-8,-8,-11,-12,-12,-6,-6,0,-11,-9,-8,0,-5,0,0,0,0,0,-4,0,0,0,-4,-4,-4,-4,-4,-4,-4,0,0,0,0,0,0,0,0,0,0,0,0]} 1. d4 Nf6 2. c4 e6 3. Nc3 Bb4 4. e3 O-O 5. Nge2 Re8 6. a3 Bf8 7. Ng3 d5 8. Bd3 {E46: Nimzo-Indian: Rubinstein: 4 e3 0-0 5 Ne2 without early Bd3.} c5 9. dxc5 dxc4 10. Bxc4 Qxd1+ 11. Kxd1 Bxc5 12. Nge4 (12. Ke2 {looks sharper.} Be7 13. Rd1 a6 14. Nce4 Nbd7 15. a4) 12... Nxe4 13. Nxe4 Be7 {[#] The position is equal.} 14. Bd2 $146 ({Predecessor:} 14. Ke2 Bd7 15. Nc3 Rc8 16. Bd3 Na6 17. Bd2 Nc5 18. Bc2 Bc6 19. f3 Bf6 20. Rac1 a5 21. b4 axb4 22. axb4 Bxc3 23. Bxc3 Bb5+ 24. Kf2 Nd3+ {½-½ (24) Werle,J (2527)-Sadler,M (2684) Haarlem 2017}) 14... b6 15. Bc3 Bb7 16. Bd3 Rd8 17. Ke2 Na6 {Hoping for ...Rxd3!} 18. f3 f5 19. Nf2 Nc5 {Strongly threatening ...Rxd3!} 20. Bc4 Kf7 21. Nd3 Nxd3 22. Bxd3 Rac8 23. Rac1 Bf6 24. Bxf6 Kxf6 25. h4 g6 26. Rhd1 h6 27. Rxc8 Rxc8 $11 {[%mdl 4096] Endgame KRB-KRB} 28. Rd2 g5 29. hxg5+ hxg5 30. Rc2 Rxc2+ 31. Bxc2 {KB-KB} f4 32. Kf2 e5 33. g3 Bc6 34. Bd1 Bb7 35. Bc2 Bc6 36. Bd1 Bb7 37. Bc2 {A rather calm draw.  Weighted Error Value: White=0.03/Black=0.02} 1/2-1/2

[Event "Opera Euro Rapid Prelims 2021"]
[Site "Online"]
[Date "2021.02.03"]
[Round "15.7"]
[White "Ding, Liren"]
[Black "So, Wesley"]
[Result "1/2-1/2"]
[WhiteElo "2791"]
[BlackElo "2770"]
[Annotator "TA"]
[PlyCount "51"]
[EventDate "2021.02.02"]
[EventType "tourn"]
[EventCountry "NET"]
[SourceTitle "playchess.com"]
[Source "ChessBase"]
[SourceQuality "1"]

{[%evp 13,51,51,44,24,22,17,18,28,23,32,32,20,1,4,11,13,12,29,36,36,30,27,33,24,31,19,17,0,0,0,6,0,0,0,0,0,0,0,0,0]} 1. e4 e5 2. Nf3 Nc6 3. Bc4 Bc5 4. c3 Nf6 5. d3 O-O 6. O-O d5 7. exd5 Nxd5 8. a4 {C54: Giuoco Piano: 4 c3 Nf6, main lines with 5 d4 and 5 d3.} a5 9. Nbd2 Nb6 10. Bb5 Bd6 11. Ne4 Bg4 12. h3 Bh5 13. Re1 Na7 14. d4 exd4 15. Nxd6 ({Much weaker is} 15. cxd4 Nxb5 16. axb5 Bb4 $15) 15... Qxd6 16. Qxd4 Nxb5 17. axb5 Qxd4 18. Nxd4 Bg6 {[#]} 19. f4 $146 {[#] Strongly threatening f5.} ({Predecessor:} 19. Bf4 Rfc8 20. Bg3 a4 21. Re7 Nc4 22. b3 axb3 23. Rxa8 Rxa8 24. Nxb3 Rc8 25. Rxc7 Rxc7 26. Bxc7 {½-½ (35) Nepomniachtchi,I (2784)-Leko,P (2663) chess24.com INT 2020}) 19... f5 {The position is equal.} 20. Re5 a4 21. Rc5 Rac8 22. Be3 Nd7 23. Rd5 Nb6 {[%cal Rb6d5]} 24. Rc5 Nd7 25. Rd5 Nb6 {[%cal Rb6d5]} 26. Rc5 {Weighted Error Value: White=0.04/Black=0.01} 1/2-1/2